|
|
|
|
| LEADER |
00000nam a2200000 4500 |
| 008 |
160615b2013 cr a|||| |||| 00| | spa d |
| 090 |
|
|
|a 06.03.04
|b 521
|
| 100 |
1 |
|
|9 154
|a Páez Cerdas, Wendy
|
| 245 |
1 |
0 |
|a Programa de educación continua y servicios especiales del INIE. Informe acciones 2012 / /
|c Wendy Páez Cerdas, Mayra Serrano Mora, Marianela Loría Valerio
|
| 260 |
|
|
|a [San José, Costa Rica] :
|b INIE,
|c 2013
|
| 300 |
|
|
|a 72 hojas;
|b ilustraciones
|
| 500 |
|
|
|a Informe final proyecto de Acción Social ED-831
|
| 650 |
1 |
4 |
|9 11
|a CALIDAD DE LA EDUCACIÓN
|
| 650 |
1 |
4 |
|9 729
|a CAPACITACIÓN
|
| 650 |
1 |
4 |
|9 24
|a DESARROLLO DE LA EDUCACIÓN
|
| 650 |
1 |
4 |
|9 997
|a DIDÁCTICA
|
| 650 |
1 |
4 |
|9 709
|a DISCIPLINA ESCOLAR
|
| 650 |
1 |
4 |
|9 1841
|a DOCENCIA
|
| 650 |
1 |
4 |
|9 331
|a DOCENTES
|
| 650 |
1 |
4 |
|9 1
|a EDUCACIÓN
|
| 650 |
1 |
4 |
|9 14
|a ENSEÑANZA
|
| 700 |
1 |
|
|9 149
|a Serrano Mora, Mayra
|
| 700 |
1 |
|
|9 165
|a Loría Valerio, Marianela
|
| 942 |
|
|
|i 004033,003772
|h 06.03.04 521
|2 z
|c 04
|
| 999 |
|
|
|c 3250
|d 3250
|